00547nam a22001697a 450000500170000001000130001702000250003003500120005503700160006708200130008310000250009624500710012124600450019226000440023727000740028130000220035520220523123741.0 aUR-11570 c50.00a9789390866335 aU-10125 bDBAD/PUBa- a9202Ist aبيگ ا حسا س  aجا ں نثا ر ا ختر c بيگ ا حسا س hا ر د و  bJan Nisar Akhtar (Urdu)aby Beg Ahsas  aNew delhi bSahitya Akademic2021 ء  aRavinder Bhawan ,35 Firoz Shah Road,bNew Delhi e110001k23386626l- a104 صc22 Cm(Hb)